Numerical recipes: the art of scientific computing
Сохранить в:
| Главные авторы: | , , , |
|---|---|
| Формат: | |
| Язык: | английский |
| Опубликовано: |
Cambridge
Cambridge University Press
2007
|
| Редактирование: | 3a. ed |
| Предметы: | |
| Метки: |
Добавить метку
Нет меток, Требуется 1-ая метка записи!
|
MARC
| LEADER | 00000cam a2200000 a 4500 | ||
|---|---|---|---|
| 001 | UCE5404 | ||
| 003 | CL-VaPUC | ||
| 008 | 141230e20070000us |||||||||||||||||eng|d | ||
| 020 | |a 9780521880688 | ||
| 082 | 0 | 4 | |a 519.4 |b PRE |2 21 |
| 100 | 0 | |a Press, William H |e author |9 578020 | |
| 700 | 0 | |a Teukolsky, Saul Arno |e author |9 578021 | |
| 700 | 0 | |a Vetterling, William T |e author |9 578022 | |
| 700 | 0 | |a Flannery, Brian P |e author |9 578023 | |
| 245 | 1 | 0 | |a Numerical recipes: the art of scientific computing |
| 250 | |a 3a. ed | ||
| 300 | |a 1235 p | ||
| 942 | |c BK | ||
| 945 | |d 20141230 16:04:00 |a arojas | ||
| 260 | |a Cambridge |b Cambridge University Press |c 2007 | ||
| 650 | 0 | |a Análisis numérico |9 259387 | |
| 650 | 0 | |a Proceso de datos |9 259776 | |
| 650 | 0 | |a Programas de computadores |9 260046 | |
| 650 | 0 | |a Programación de computadores |9 259531 | |
| 583 | |a last modification |c 20141230 16:04:00 |k Rodrigo Vera | ||
| 999 | |c 358132 |d 358130 | ||
| 952 | |0 0 |1 0 |3 erd |4 0 |6 519_400000000000000_PRE_2007 |7 0 |8 A |9 466630 |a BIBING |b BIBING |i 5133297 |o 519.4 PRE 2007 |p 5133297 |r 2025-01-20 |w 2019-11-23 |y BK |z Catalogado en:20141230 |k CIC | ||
| 952 | |0 0 |1 0 |3 erd |4 0 |6 519_400000000000000_PRE_2007 |7 0 |8 A |9 466631 |a BIBCUR |b BIBCUR |i 5145031 |o 519.4 PRE 2007 |p 5145031 |r 2025-04-22 |w 2019-11-23 |y BK |z Catalogado en:20150409 |k FIS | ||